书目信息 |
| 题名: |
文坛三公案
|
|
| 作者: | 戴知贤 著 | |
| 分册: | ||
| 出版信息: | 郑州 河南人民出版社 1990.06 |
|
| 页数: | 247页 | |
| 开本: | 19cm | |
| 丛书名: | 40年国是反思丛书 | |
| 单 册: | ||
| 中图分类: | D65 | |
| 科图分类: | ||
| 主题词: | 政治--中国 | |
| 电子资源: | ||
| ISBN: | 7-215-00468-6 | |
| 000 | 00609nam0 2200217 45 | |
| 001 | 0312060933 | |
| 005 | 20040423105217.9 | |
| 010 | @a7-215-00468-6@dCNY3.25 | |
| 100 | @a20031206d1990 km y0chiy0120 ea | |
| 101 | 0 | @achi |
| 105 | @aca z 000yy | |
| 200 | 1 | @a文坛三公案@AWen Tan San Gong An@f戴知贤著@FDai Zhi Xian Zhu |
| 210 | @a郑州@c河南人民出版社@d1990.06 | |
| 215 | @a247页@c肖像,照片@d19cm | |
| 225 | @a40年国是反思丛书 | |
| 410 | @12001 @a40年国是反思丛书 | |
| 606 | 0 | @a政治@x中国 |
| 690 | @aD65@v3 | |
| 701 | 0 | @a戴知贤@4著 |
| 801 | @aCN@bPftUser@c20031206 | |
| 905 | @dD65@e6:2@f4@b247819-822 | |
| 文坛三公案/戴知贤著.-郑州:河南人民出版社,1990.06 |
| 247页:肖像,照片;19cm.-(40年国是反思丛书) |
| ISBN 7-215-00468-6:CNY3.25 |
| ● |
| 相关链接 |
|
|
|
|
正题名:文坛三公案
索取号:D65/6:2
 
预约/预借
| 序号 | 登录号 | 条形码 | 馆藏地/架位号 | 状态 | 备注 |
| 1 | 0247819 | 000379806 | 第一借阅区/ [索取号:D65/6:2] | 在馆 | |
| 2 | 0247820 | 000379815 | 密集书库/ [索取号:D65/6:2] | 在馆 | |
| 3 | 0247821 | 000379780 | 第一样本阅览室/ [索取号:D65/6:2] | 在馆 | |
| 4 | 0247822 | 000379799 | 第一借阅区/ [索取号:D65/6:2] | 在馆 | |
| 5 | 0247823 | 001588936 | 密集书库/ [索取号:D65/6:2] | 在馆 |